000 00593nam a2200193Ia 4500
003 GCL
008 140319s9999 xx 000 0 ara d
040 _aGCL /
_cGCL
082 0 4 _a280
_bب م
100 1 _aعبدالنور ميخائيل
245 1 0 _aمواقف من تاريخ الكنيسة /
_cعبدالنور ميخائيل
700 1 _aرولاند ببتون
250 _aالثانية
260 _aالقاهرة :
_bدار الثقافة العربية ،
_c1978
300 _a195 ص ؛
_c20 سم
490 _a
650 0 4 _aتاريخ الكنيسة
942 _2ddc
_cBK
999 _c55486
_d55486